The Vendee / (Record no. 19640)

MARC details
000 -LEADER
fixed length control field 00783cam a22002651 4500
001 - CONTROL NUMBER
control field 8453677
003 - CONTROL NUMBER IDENTIFIER
control field BDDh-ASL
005 - DATE AND TIME OF LATEST TRANSACTION
control field 20231015025807.0
008 - FIXED-LENGTH DATA ELEMENTS--GENERAL INFORMATION
fixed length control field 730111s1964 xx 000 0 eng
010 ## - LIBRARY OF CONGRESS CONTROL NUMBER
LC control number 64021247
035 ## - SYSTEM CONTROL NUMBER
System control number (OCoLC)536120
040 ## - CATALOGING SOURCE
Original cataloging agency DLC
Transcribing agency OClU
Modifying agency BDDh-ASL
-- DLC
043 ## - GEOGRAPHIC AREA CODE
Geographic area code e-fr---
050 00 - LIBRARY OF CONGRESS CALL NUMBER
Classification number HN438.V4
Item number T5
082 ## - DEWEY DECIMAL CLASSIFICATION NUMBER
Classification number 309.1446
Item number TIV
100 1# - MAIN ENTRY--PERSONAL NAME
Personal name Tilly, Charles
245 14 - TITLE STATEMENT
Title The Vendee /
260 ## - PUBLICATION, DISTRIBUTION, ETC.
Place of publication, distribution, etc. Cambridge, Mass. :
Name of publisher, distributor, etc. Harvard University Press,
Date of publication, distribution, etc. 1964.
300 ## - PHYSICAL DESCRIPTION
Extent xi, 373 p.
Other physical details illus., maps.
Dimensions 24 cm.
504 ## - BIBLIOGRAPHY, ETC. NOTE
Bibliography, etc. note Bibliography: p.[353]-364.
651 #0 - SUBJECT ADDED ENTRY--GEOGRAPHIC NAME
Geographic name Vendée (France)
General subdivision Social conditions.
651 #0 - SUBJECT ADDED ENTRY--GEOGRAPHIC NAME
Geographic name France
General subdivision History
Chronological subdivision Wars of the Vendée, 1793-1832.
906 ## - LOCAL DATA ELEMENT F, LDF (RLIN)
a 7
b cbc
c oclcrpl
d u
e ncip
f 19
g y-gencatlg
942 ## - ADDED ENTRY ELEMENTS (KOHA)
Source of classification or shelving scheme Dewey Decimal Classification
Koha item type Books
Holdings
Withdrawn status Lost status Source of classification or shelving scheme Damaged status Not for loan Collection code Home library Current library Shelving location Date acquired Source of acquisition Total Checkouts Full call number Barcode Date last seen Copy number Price effective from Koha item type Public note
    Dewey Decimal Classification   Not For Loan Non-fiction Asiatic Society Library Asiatic Society Library Ludden Collection 12/14/2020 Donated by Prof. David Ludden   309.1446 TIV 103007 12/14/2020 C-1 12/14/2020 Books RARE

Powered by Koha